| 000 | 01400nam a2200289 a 4500 | ||
|---|---|---|---|
| 001 | 59948 | ||
| 003 | BD-RjUL | ||
| 005 | 20211209080804.0 | ||
| 008 | 161228s1994 enkc b 101 0 eng d | ||
| 020 |
_a0851431453 (pbk) : _c£14.50 |
||
| 035 | _a(BD-RjUL)60072 | ||
| 040 |
_aUk _cUk _dBD-RjUL _beng |
||
| 041 | _aeng | ||
| 082 | 0 | 0 |
_a363.7 _223 _bPEO 1991 |
| 111 | 2 |
_aCongress of the Universities of the Commonwealth _n(15th : _d1993 : _cSwansea, Wales) _9178345 |
|
| 245 | 1 | 0 |
_aPeople and the environment : _bpreserving the balance : the report of proceedings of the Fifteenth Congress of the Universities of the Commonwealth, Swansea, August 1993 : including keynote address by Sir John Houghton, Chairman of the Royal Commission on Environmental Pollution / _c[editor of congress proceedings Eileen A. Archer]. |
| 260 |
_aLondon : _bAssociation of Commonwealth Universities, _c1991. |
||
| 300 |
_a452 p. : _bports. ; _c24 cm. |
||
| 504 | _aIncludes bibliographical references and index. | ||
| 650 | 0 |
_aEnvironmental policy _zCommonwealth of Nations _xCongresses. _9178322 |
|
| 650 | 0 |
_aEnvironmental policy _zDeveloping countries _xCongresses. _9178323 |
|
| 650 | 0 |
_aUniversities and colleges _zCommonwealth of Nations _xCongresses. _9178324 |
|
| 700 | 1 |
_aArcher, Eileen A. _9178325 |
|
| 710 | 2 |
_aAssociation of Commonwealth Universities. _9178326 |
|
| 942 |
_2ddc _cBK |
||
| 999 |
_c59948 _d59948 |
||